Países más cercanos a Estados Unidos por Continente - Estadísticas

Estadísticas generales
  • Esta prueba ha sido intentada 742 veces
  • La puntuación promedio es 27 de 30
Estadísticas de respuestas
Continente Distancia País % Correcto
América del Norte 0 mi Canadá
100%
América del Norte 0 mi México
100%
América del Norte 93 mi Cuba
98%
América del Sur 1,053 mi Colombia
96%
Europa 2,815 mi España
96%
África 3,161 mi Marruecos
96%
Europa 2,555 mi Reino Unido
96%
Asia 2 mi Rusia
96%
América del Sur 1,121 mi Venezuela
96%
América del Sur 1,612 mi Ecuador
95%
Europa 2,514 mi Irlanda
95%
Asia 1,366 mi Japón
95%
América del Sur 1,755 mi Perú
95%
América del Sur 1,764 mi Brasil
94%
Asia 1,664 mi China
94%
Europa 2,026 mi Islandia
94%
Europa 1,852 mi Portugal
93%
América del Norte 53 mi Bahamas
91%
Asia 2,300 mi Corea del Sur
91%
Asia 2,042 mi Corea del Norte
90%
África 3,276 mi Mauritania
85%
América del Norte 471 mi Jamaica
83%
África 3,529 mi Senegal
82%
África 3,341 mi Argelia
80%
África 3,074 mi Cabo Verde
79%
Oceanía 1,035 mi Kiribati
78%
Oceanía 2,127 mi Islas Marshall
75%
Oceanía 2,509 mi Samoa
75%
Oceanía 2,485 mi Tuvalu
74%
Oceanía 2,700 mi Nauru
71%
No se encontraron pruebas coincidentes
Distribución de puntuación
Porcentaje de gente con cada puntuación
Porcentaje por número respondido
Historial de tus puntuaciones
No has intentado esta prueba.